000 00496nam a2200181Ia 4500
003 GCL
008 140319s9999 xx 000 0 ara d
040 _aGCL /
_cGCL
082 0 4 _a320.532
_bط ش
100 1 _aطارق حجى
245 1 0 _aالشيوعية والاديان /
_cطارق حجى
260 _a[S.N] :
_bدار نهضة مصر للطبع والنشر ،
_c1980
300 _a126 ص
490 _a
650 0 4 _aالشيوعية
650 0 4 _aالسياسة
942 _2ddc
_cBK
999 _c36283
_d36283